[Event "WchT Blitz Pool A"]
[Site "London"]
[Date "2025.06.14"]
[Round "10.2"]
[White "Short, Nigel D"]
[Black "Moiseenko, Alexander"]
[Result "0-1"]
[WhiteElo "2587"]
[BlackElo "2568"]
[PlyCount "108"]
[EventDate "2025.06.14"]
[EventType "team-tourn"]
[EventRounds "13"]
[EventCountry "ENG"]
[SourceTitle "CB25_2025"]
[SourceDate "2025.06.18"]
[SourceVersion "1"]
[SourceVersionDate "2025.06.18"]
[SourceQuality "1"]
[WhiteTeam "FIDE MB Team"]
[BlackTeam "Ashdod Elit CC"]
[BlackTeamCountry "ISR"]

1. e4 c5 2. Nf3 Nc6 3. d4 cxd4 4. Nxd4 e5 5. Nb3 Nf6 6. Bg5 Bb4+ 7. c3 Be7 8. Bxf6 Bxf6 9. g3 0-0 10. h4 d6 11. Na3 Be6 12. Bg2 Qd7 13. Nc2 a5 14. Ne3 a4 15. Nd2 a3 16. b4 Ne7 17. 0-0 d5 18. exd5 Nxd5 19. Nxd5 Bxd5 20. Ne4 Rfd8 21. Nxf6+ gxf6 22. Bxd5 Qxd5 23. Qg4+ Kh8 24. Rfd1 Qe6 25. Qf3 e4 26. Qf4 Rac8 27. h5 Qe5 28. Qxe5 fxe5 29. Rxd8+ Rxd8 30. c4 Kg7 31. c5 Rd2 32. Rc1 Rxa2 33. b5 Rb2 34. c6 bxc6 35. bxc6 Rb8 36. c7 Rc8 37. Rc6 a2 38. h6+ Kf8 39. Ra6 Rxc7 40. Rxa2 Ke7 41. Ra5 Kf6 42. Ra6+ Kg5 43. Kf1 f5 44. Ke2 Rc2+ 45. Ke1 Kg4 46. Rf6 f4 47. gxf4 exf4 48. Rf7 Kf3 49. Rxh7 Re2+ 50. Kd1 Rxf2 51. Rf7 Rf1+ 52. Kc2 Rh1 53. h7 e3 54. Kd3 e2 0-1

[Event "Keres Memorial rap 34th"]
[Site "Tallinn"]
[Date "2025.01.19"]
[Round "11"]
[White "Moiseenko, Alexander"]
[Black "Savicevs, Arsenijs"]
[Result "1-0"]
[WhiteElo "2562"]
[BlackElo "2224"]
[PlyCount "99"]
[EventDate "2025.01.18"]
[EventType "swiss (rapid)"]
[EventRounds "11"]
[EventCountry "EST"]
[SourceTitle "CB05_2025"]
[SourceDate "2025.01.29"]
[SourceVersion "1"]
[SourceVersionDate "2025.01.29"]
[SourceQuality "1"]

1. d4 Nf6 2. Bg5 d5 3. e3 c5 4. Bxf6 gxf6 5. dxc5 e6 6. c4 dxc4 7. Nd2 c3 8. bxc3 Nd7 9. Qh5 Nxc5 10. Ngf3 Qa5 11. Qh4 Be7 12. Be2 f5 13. Qd4 Rg8 14. 0-0 Bd7 15. Nc4 Qc7 16. Nce5 Bf6 17. Qf4 Bc6 18. Nxc6 Qxf4 19. exf4 bxc6 20. Nd4 Kd7 21. Rad1 Kc7 22. Bf3 Ne4 23. Bxe4 fxe4 24. Rfe1 Bxd4 25. Rxd4 f5 26. g3 Rgd8 27. Ra4 Rd3 28. c4 a5 29. Rb1 h5 30. Rb2 Rd4 31. Kg2 Kd6 32. Kh3 h4 33. Kxh4 Rh8+ 34. Kg5 Rxh2 35. Rxa5 e3 36. fxe3 Rxb2 37. exd4 Rd2 38. Kf6 Rxd4 39. Re5 Rd3 40. c5+ Kd7 41. Rxe6 Rxg3 42. Kxf5 Ra3 43. Rd6+ Kc7 44. Rd2 Rc3 45. Ke6 Rxc5 46. f5 Rc1 47. Re2 Rd1 48. f6 Rd6+ 49. Kf5 Rd8 50. f7 1-0

[Event "Keres Memorial rap 34th"]
[Site "Tallinn"]
[Date "2025.01.18"]
[Round "4"]
[White "Dubrovin, Robert"]
[Black "Moiseenko, Alexander"]
[Result "0-1"]
[WhiteElo "2219"]
[BlackElo "2562"]
[PlyCount "56"]
[EventDate "2025.01.18"]
[EventType "swiss (rapid)"]
[EventRounds "11"]
[EventCountry "EST"]
[SourceTitle "CB05_2025"]
[SourceDate "2025.01.29"]
[SourceVersion "1"]
[SourceVersionDate "2025.01.29"]
[SourceQuality "1"]

1. d4 Nf6 2. c4 e6 3. Nc3 Bb4 4. e3 b6 5. Nge2 Ne4 6. Bd2 Nxd2 7. Qxd2 Ba6 8. Nf4 Nc6 9. a3 Be7 10. b4 Bb7 11. Bd3 e5 12. dxe5 Nxe5 13. Be2 a5 14. b5 0-0 15. Nfd5 Bc5 16. 0-0 f5 17. Kh1 c6 18. Nf4 Qe7 19. a4 Rf6 20. bxc6 dxc6 21. Qc2 Raf8 22. Nd3 Nxd3 23. Bxd3 Qe5 24. Ne2 Rh6 25. Ng3 f4 26. exf4 Qxf4 27. Qc1 Qh4 28. h3 Bc8 0-1

[Event "Keres Memorial rap 34th"]
[Site "Tallinn"]
[Date "2025.01.18"]
[Round "1"]
[White "Moiseenko, Alexander"]
[Black "Laigna, Marko"]
[Result "1-0"]
[WhiteElo "2562"]
[BlackElo "1828"]
[PlyCount "65"]
[EventDate "2025.01.18"]
[EventType "swiss (rapid)"]
[EventRounds "11"]
[EventCountry "EST"]
[SourceTitle "CB05_2025"]
[SourceDate "2025.01.29"]
[SourceVersion "1"]
[SourceVersionDate "2025.01.29"]
[SourceQuality "1"]

1. d4 Nf6 2. c4 d6 3. Nf3 g6 4. g3 Bg7 5. Bg2 0-0 6. 0-0 Nbd7 7. Nc3 Re8 8. e4 c6 9. h3 e5 10. Re1 Qc7 11. Be3 Nf8 12. Qc2 Be6 13. b3 a6 14. dxe5 dxe5 15. c5 Rad8 16. Na4 N6d7 17. Rad1 f6 18. Nd2 Bf7 19. Nc4 Bxc4 20. Qxc4+ Kh8 21. h4 Ne6 22. Bh3 Ndf8 23. Nb6 Qe7 24. b4 Nc7 25. a4 Rxd1 26. Rxd1 Rd8 27. Rxd8 Qxd8 28. Qf7 Na8 29. Qxb7 Nxb6 30. cxb6 Qd1+ 31. Kh2 Qxa4 32. Qc7 Qxb4 33. b7 1-0

[Event "Keres Memorial rap 34th"]
[Site "Tallinn"]
[Date "2025.01.18"]
[Round "5"]
[White "Moiseenko, Alexander"]
[Black "Rychagov, Nikita1"]
[Result "1-0"]
[WhiteElo "2562"]
[BlackElo "2249"]
[PlyCount "107"]
[EventDate "2025.01.18"]
[EventType "swiss (rapid)"]
[EventRounds "11"]
[EventCountry "EST"]
[SourceTitle "CB05_2025"]
[SourceDate "2025.01.29"]
[SourceVersion "1"]
[SourceVersionDate "2025.01.29"]
[SourceQuality "1"]

1. d4 d5 2. c4 dxc4 3. e3 e5 4. Bxc4 exd4 5. exd4 Nf6 6. Nf3 Bd6 7. Qe2+ Qe7 8. Qxe7+ Bxe7 9. 0-0 0-0 10. Re1 Bd6 11. Bg5 Nbd7 12. Nc3 a6 13. a4 Nb6 14. Bb3 Bf5 15. Bxf6 gxf6 16. Ne4 Bxe4 17. Rxe4 Rae8 18. Rae1 Rxe4 19. Rxe4 f5 20. Rh4 Kg7 21. Bc2 h6 22. b3 Re8 23. Kf1 f4 24. Rh5 Rd8 25. Nh4 Bf8 26. Nf5+ Kf6 27. g4 fxg3 28. hxg3 Nc8 29. Nxh6 Bxh6 30. Rxh6+ Kg7 31. Rh4 Ne7 32. Ke2 Nc6 33. Ke3 Nb4 34. Be4 b6 35. g4 Re8 36. g5 f5 37. gxf6+ Kxf6 38. f3 Ke7 39. d5 Kd6 40. Kd4 Rf8 41. Rh6+ Kd7 42. Ke5 a5 43. Rh7+ Kc8 44. f4 Re8+ 45. Kd4 Na6 46. d6 Rd8 47. Bf5+ Kb7 48. d7 Nc5 49. Kd5 Nxb3 50. Re7 Nc5 51. Re8 Rxd7+ 52. Bxd7 Nxd7 53. Re7 Nc5 54. f5 1-0

[Event "Titled Tuesday intern op 20th Aug Early"]
[Site "Chess.com INT"]
[Date "2024.08.20"]
[Round "2"]
[White "Moiseenko, Alexander"]
[Black "Goncharov, Vladimir"]
[Result "1/2-1/2"]
[WhiteElo "2562"]
[BlackElo "2077"]
[PlyCount "118"]
[EventDate "2024.08.20"]
[EventType "swiss (blitz)"]
[EventRounds "11"]
[EventCountry "USA"]
[SourceTitle "EXT 2025"]
[Source "ChessBase"]
[SourceDate "2024.10.14"]
[SourceVersion "1"]
[SourceVersionDate "2024.10.14"]
[SourceQuality "1"]

1. d4 Nf6 2. Bg5 e6 3. e4 Be7 4. Bxf6 Bxf6 5. e5 Be7 6. Qg4 Bf8 7. Nf3 c5 8. dxc5 Qc7 9. Nc3 Qxc5 10. 0-0-0 Nc6 11. Qg3 Qa5 12. Kb1 g6 13. Ne4 Be7 14. Bc4 b6 15. Nd6+ Bxd6 16. Rxd6 Ba6 17. Bxa6 Qxa6 18. Rhd1 Qb7 19. Ng5 Ne7 20. Rxd7 Qc6 21. Qa3 Qxd7 22. Rxd7 Kxd7 23. Nxf7 Rhf8 24. Qd6+ Ke8 25. a4 Rxf7 26. Qxe6 Rd8 27. f3 Rd5 28. b3 Rf5 29. f4 Rxf4 30. Qh3 h5 31. e6 Rf6 32. g4 Kf8 33. gxh5 gxh5 34. Kb2 Re5 35. Qc3 Rfxe6 36. Qc7 a5 37. Qd8+ Kf7 38. Qd2 Re2 39. Qf4+ Ke8 40. Qb8+ Kf7 41. Qf4+ Kg7 42. Qg5+ Ng6 43. Qxh5 Rd2 44. Qf5 Ree2 45. h3 Rxc2+ 46. Qxc2 Rxc2+ 47. Kxc2 Kf6 48. Kd3 Ke5 49. Kc4 Kd6 50. Kb5 Kc7 51. b4 axb4 52. Kxb4 Kc6 53. a5 bxa5+ 54. Kxa5 Kd5 55. h4 Ke5 56. h5 Nh8 57. h6 Kf6 58. h7 Kg6 59. Kb4 Kxh7 1/2-1/2

[Event "FIDE World Rapid Team"]
[Site "Almaty"]
[Date "2024.08.04"]
[Round "9.4"]
[White "Sarana, Alexey"]
[Black "Moiseenko, Alexander"]
[Result "1-0"]
[WhiteElo "2717"]
[BlackElo "2562"]
[PlyCount "83"]
[EventDate "2024.08.02"]
[EventType "team (rapid)"]
[EventRounds "12"]
[EventCountry "KAZ"]
[SourceTitle "CBM 221 Extra"]
[Source "ChessBase"]
[SourceDate "2024.09.30"]
[SourceVersion "1"]
[SourceVersionDate "2024.09.30"]
[SourceQuality "1"]
[WhiteTeam "Chessy"]
[BlackTeam "Ashdod"]
[WhiteTeamCountry "FRA"]
[BlackTeamCountry "ISR"]

1. d4 Nf6 2. c4 e6 3. Nc3 Bb4 4. e3 0-0 5. Bd3 d5 6. Nf3 b6 7. 0-0 Ba6 8. cxd5 exd5 9. Bxa6 Nxa6 10. Qd3 Qc8 11. b3 Re8 12. Bb2 Bf8 13. Rac1 Nb4 14. Qb1 a5 15. Ne5 Qb7 16. Qf5 c5 17. Rfd1 Rad8 18. h3 cxd4 19. exd4 Rc8 20. a3 Nc6 21. Nb5 Ne7 22. Qf3 Ng6 23. a4 Rxc1 24. Bxc1 Nxe5 25. dxe5 Rxe5 26. Bb2 Re6 27. Nd4 Re8 28. Nf5 Re6 29. Nh6+ Kh8 30. Nf5 Kg8 31. g3 Ne4 32. Ne3 Rd6 33. h4 b5 34. Nf5 Re6 35. axb5 Rb6 36. Rc1 Rxb5 37. Qg4 g6 38. Rc8 h5 39. Nh6+ Kh7 40. Rxf8 f6 41. Qe6 Kxh6 42. Rh8+ 1-0

[Event "FIDE World Rapid Team"]
[Site "Almaty"]
[Date "2024.08.02"]
[Round "1.20"]
[White "Moiseenko, Alexander"]
[Black "Zhakshylykov, Erzhan"]
[Result "1-0"]
[WhiteElo "2562"]
[BlackElo "2327"]
[PlyCount "87"]
[EventDate "2024.08.02"]
[EventType "team (rapid)"]
[EventRounds "12"]
[EventCountry "KAZ"]
[SourceTitle "CBM 221 Extra"]
[Source "ChessBase"]
[SourceDate "2024.09.30"]
[SourceVersion "1"]
[SourceVersionDate "2024.09.30"]
[SourceQuality "1"]
[WhiteTeam "Ashdod"]
[BlackTeam "Noval Group Kyrgyzstan"]
[WhiteTeamCountry "ISR"]
[BlackTeamCountry "KGZ"]

1. d4 Nf6 2. c4 e6 3. Nc3 d5 4. Bg5 Be7 5. e3 c6 6. Nf3 Nbd7 7. Qc2 0-0 8. a3 a6 9. Rd1 h6 10. Bh4 dxc4 11. Bxc4 b5 12. Ba2 Bb7 13. 0-0 Qc7 14. e4 Rfe8 15. e5 Nh7 16. Bxe7 Rxe7 17. b4 c5 18. bxc5 Bxf3 19. gxf3 Ng5 20. Kg2 Qc6 21. Ne4 Nf8 22. Nxg5 hxg5 23. d5 exd5 24. Bxd5 Qc8 25. Bxa8 Qxa8 26. c6 Qc8 27. Rfe1 Ne6 28. Re4 Nf4+ 29. Rxf4 gxf4 30. Qe4 Re6 31. Rd6 Qc7 32. Qd5 Qe7 33. Rxe6 fxe6 34. Qd6 Qg5+ 35. Kf1 Qf5 36. h4 Qb1+ 37. Kg2 Qg6+ 38. Kh2 Qc2 39. Qxe6+ Kh7 40. Kg2 a5 41. h5 Qc3 42. Qg6+ Kh8 43. Qe8+ Kh7 44. e6 1-0

[Event "Biel HTO 57th"]
[Site "Biel"]
[Date "2024.07.22"]
[Round "7"]
[White "Moiseenko, Alexander"]
[Black "Dotzer, Lukas"]
[Result "1/2-1/2"]
[WhiteElo "2570"]
[BlackElo "2375"]
[PlyCount "99"]
[EventDate "2024.07.15"]
[EventType "swiss"]
[EventRounds "10"]
[EventCountry "SUI"]
[SourceTitle "CBM 221"]
[Source "ChessBase"]
[SourceDate "2024.08.31"]
[SourceVersion "1"]
[SourceVersionDate "2024.08.31"]
[SourceQuality "1"]

1. d4 Nf6 2. c4 e6 3. g3 d5 4. Bg2 Be7 5. Nf3 0-0 6. Nc3 a5 7. 0-0 c6 8. Bf4 dxc4 9. Ne5 Nd5 10. Nxc4 Nxf4 11. gxf4 Nd7 12. e3 Nb6 13. Ne5 Nd5 14. Rc1 Bd7 15. Kh1 Be8 16. Rg1 Kh8 17. Ne4 f6 18. Nd3 Bg6 19. a3 Bxe4 20. Bxe4 f5 21. Bf3 Bd6 22. Rg3 Rg8 23. Qg1 g6 24. Qg2 Qb6 25. Rg1 Qb3 26. Qf1 Rg7 27. h4 Rag8 28. Bd1 Qc4 29. h5 Nf6 30. h6 Rc7 31. Bf3 Ne4 32. Bxe4 fxe4 33. Nc5 Qxf1 34. Rxf1 Bxc5 35. dxc5 Rd7 36. Rg5 Rd5 37. Rc1 Rf8 38. Rc4 Rxg5 39. fxg5 Rxf2 40. b4 Kg8 41. bxa5 Rf5 42. Rd4 Rxg5 43. Rd8+ Kf7 44. Rd7+ Kf6 45. Rxb7 Rxc5 46. a6 Ra5 47. a7 g5 48. Rxh7 Kg6 49. Rc7 Kxh6 50. Rxc6 1/2-1/2

[Event "Biel HTO 57th"]
[Site "Biel"]
[Date "2024.07.16"]
[Round "2"]
[White "Hafiz, Arif Abdul"]
[Black "Moiseenko, Alexander"]
[Result "0-1"]
[WhiteElo "2367"]
[BlackElo "2570"]
[PlyCount "122"]
[EventDate "2024.07.15"]
[EventType "swiss"]
[EventRounds "10"]
[EventCountry "SUI"]
[SourceTitle "CBM 221"]
[Source "ChessBase"]
[SourceDate "2024.08.31"]
[SourceVersion "1"]
[SourceVersionDate "2024.08.31"]
[SourceQuality "1"]

1. e4 c5 2. Nc3 e6 3. f4 d5 4. d3 Nc6 5. Nf3 d4 6. Nb1 Bd6 7. g3 e5 8. Bg2 exf4 9. gxf4 Nge7 10. 0-0 f5 11. e5 Bc7 12. c4 h6 13. Qe1 0-0 14. Na3 a6 15. Nc2 b5 16. b4 bxc4 17. bxc5 Ba5 18. Bd2 c3 19. Bc1 Be6 20. Qf2 Bd5 21. Nfxd4 Bxg2 22. Kxg2 Rb8 23. Ba3 Qd5+ 24. Qf3 Nxd4 25. Qxd5+ Nxd5 26. Nxd4 Bb4 27. Nc2 Bxa3 28. Nxa3 Rfc8 29. Nc4 Rxc5 30. Kf3 Rb4 31. Rab1 g5 32. fxg5 hxg5 33. Ke2 f4 34. Kf3 Kf7 35. a3 Rxb1 36. Rxb1 Ke6 37. h3 Rb5 38. Rc1 Rb8 39. Rg1 Kf5 40. d4 Rh8 41. Nd6+ Ke6 42. Ne4 c2 43. Ke2 Kf5 44. Nd6+ Kg6 45. Kd2 Rxh3 46. Kxc2 Re3 47. Kd2 f3 48. Re1 Rxa3 49. e6 Ra2+ 50. Kd3 Nf4+ 51. Kc3 f2 52. Rf1 Nxe6 53. Ne4 Ra3+ 54. Kd2 Nxd4 55. Rxf2 Ra2+ 56. Kc3 Nb5+ 57. Kb4 Rxf2 58. Nxf2 Kf5 59. Ka5 Nc7 60. Kb6 g4 61. Kxc7 a5 0-1

[Event "Biel Rapid op 57th"]
[Site "Biel"]
[Date "2024.07.14"]
[Round "4"]
[White "Moiseenko, Alexander"]
[Black "Xiao, Tong"]
[Result "1/2-1/2"]
[WhiteElo "2570"]
[BlackElo "2518"]
[PlyCount "82"]
[EventDate "2024.07.14"]
[EventType "swiss (rapid)"]
[EventRounds "9"]
[EventCountry "SUI"]
[SourceTitle "EXT 2025"]
[Source "ChessBase"]
[SourceDate "2024.10.14"]
[SourceVersion "1"]
[SourceVersionDate "2024.10.14"]
[SourceQuality "1"]

1. d4 Nf6 2. Bg5 e6 3. e4 h6 4. Bxf6 Qxf6 5. c3 d6 6. Bd3 e5 7. Ne2 Nc6 8. 0-0 Bd7 9. Bb5 a6 10. Ba4 b5 11. Bb3 Na5 12. f4 exd4 13. cxd4 Nxb3 14. axb3 Be7 15. Nbc3 c6 16. Ng3 h5 17. e5 Qh6 18. Qf3 h4 19. Nf5 Qg6 20. Nxe7 Kxe7 21. f5 Qh6 22. Ne4 d5 23. Nc5 f6 24. Rae1 Kd8 25. Qc3 a5 26. Nxd7 Kxd7 27. Qc5 fxe5 28. dxe5 h3 29. f6 Kc7 30. Re2 Kb7 31. f7 Raf8 32. e6 hxg2 33. Qe7+ Kb6 34. Rxg2 Qe3+ 35. Kh1 Qd3 36. Rgf2 Rxh2+ 37. Kxh2 Rh8+ 38. Kg1 Qg3+ 39. Rg2 Qe3+ 40. Rff2 Qe1+ 41. Rf1 Qe3+ 1/2-1/2

[Event "Biel Rapid op 57th"]
[Site "Biel"]
[Date "2024.07.14"]
[Round "7"]
[White "Munkhzul, Turmunkh"]
[Black "Moiseenko, Alexander"]
[Result "1/2-1/2"]
[WhiteElo "2250"]
[BlackElo "2570"]
[PlyCount "152"]
[EventDate "2024.07.14"]
[EventType "swiss (rapid)"]
[EventRounds "9"]
[EventCountry "SUI"]
[SourceTitle "EXT 2025"]
[Source "ChessBase"]
[SourceDate "2024.10.14"]
[SourceVersion "1"]
[SourceVersionDate "2024.10.14"]
[SourceQuality "1"]

1. e4 c5 2. Nf3 Nc6 3. d4 cxd4 4. Nxd4 e5 5. Nb5 d6 6. c4 Be7 7. N1c3 a6 8. Na3 Be6 9. Be3 Bg5 10. Nc2 Rc8 11. Be2 Bxe3 12. Nxe3 Nf6 13. 0-0 Nd4 14. Bd3 0-0 15. Ncd5 Nxd5 16. exd5 Bd7 17. f4 f5 18. Qd2 b5 19. b3 Qb6 20. Kh1 Rce8 21. Rae1 b4 22. Bb1 g6 23. Nd1 exf4 24. Qxf4 a5 25. Qf2 Qc5 26. Nb2 Nxb3 27. Qf4 Qd4 28. Qxd6 Rxe1 29. Rxe1 Nc5 30. Nd3 Nxd3 31. Bxd3 Qc3 32. Rg1 Qxd3 33. Qxd7 Qxc4 34. Qe6+ Rf7 35. Qe8+ Kg7 36. Qe5+ Kg8 37. d6 Qe4 38. Qxa5 h5 39. Qb5 Qd4 40. Qb8+ Kg7 41. Rb1 Rd7 42. Qxb4 Qxb4 43. Rxb4 Rxd6 44. h4 Rd3 45. Rb7+ Kh6 46. Rb3 Rd4 47. g3 Rd2 48. a3 Ra2 49. Rc3 Kg7 50. Rc7+ Kf6 51. Rc6+ Ke5 52. Rxg6 Ke4 53. Rg5 Kf3 54. Rxf5+ Kxg3 55. Rg5+ Kxh4 56. Rg2 Rxa3 57. Kh2 Rh3+ 58. Kg1 Rc3 59. Kh2 Rc4 60. Ra2 Kg4 61. Rg2+ Kf4 62. Rg8 Rc3 63. Rg7 Ra3 64. Rg8 h4 65. Rg7 Kf5 66. Rg8 Kf4 67. Rg7 Rg3 68. Rxg3 hxg3+ 69. Kg2 Kg4 70. Kg1 Kg5 71. Kg2 Kh4 72. Kg1 Kg4 73. Kg2 Kf4 74. Kg1 Kf3 75. Kf1 g2+ 76. Kg1 Kg3 1/2-1/2

[Event "Tashkent Sahibkiran Temur Cup"]
[Site "Tashkent"]
[Date "2024.06.04"]
[Round "9"]
[White "Tiviakov, Sergei"]
[Black "Moiseenko, Alexander"]
[Result "1/2-1/2"]
[WhiteElo "2552"]
[BlackElo "2560"]
[PlyCount "183"]
[EventDate "2024.05.29"]
[EventType "swiss"]
[EventRounds "9"]
[EventCountry "UZB"]
[SourceTitle "EXT 2025"]
[Source "ChessBase"]
[SourceDate "2024.10.14"]
[SourceVersion "1"]
[SourceVersionDate "2024.10.14"]
[SourceQuality "1"]

1. e4 c5 2. c3 d5 3. exd5 Qxd5 4. d4 Nf6 5. Nf3 e6 6. Be3 cxd4 7. cxd4 Nc6 8. Nc3 Qd6 9. a3 Be7 10. Bd3 0-0 11. Qc2 Bd7 12. 0-0 Rac8 13. Rad1 Rfd8 14. Ng5 g6 15. Qe2 Be8 16. Bb1 Na5 17. Ba2 Qa6 18. Qf3 Nc4 19. Bc1 b5 20. Rfe1 h6 21. Nge4 Nxe4 22. Nxe4 Bc6 23. d5 Rxd5 24. Nf6+ Bxf6 25. Qxf6 Rf5 26. Qh4 Qb7 27. Bb1 Rh5 28. Qg4 Qc7 29. Bf4 e5 30. Bc1 Nb6 31. f4 Bd7 32. Qg3 exf4 33. Bxf4 Qc5+ 34. Kh1 Kh7 35. Bd6 Qg5 36. Qf3 Bf5 37. Qb7 Kg8 38. Rf1 Be6 39. Be4 Nc4 40. Bf4 Qc5 41. Rc1 Qd4 42. Rcd1 Qxb2 43. Bf3 Rhc5 44. Qe7 Qg7 45. Qxa7 g5 46. Bg3 Ne3 47. Bf2 Qc3 48. Bxe3 Qxe3 49. Bh5 Qb3 50. Qe7 Rf5 51. Rfe1 Qc4 52. h3 Rf2 53. Qb7 Qf4 54. Re4 Rf1+ 55. Rxf1 Qxf1+ 56. Kh2 Rc1 57. Bf3 Qg1+ 58. Kg3 Qc5 59. Qb8+ Kg7 60. Re5 Qxa3 61. Rxb5 Qe3 62. Qe5+ Qxe5+ 63. Rxe5 Rc3 64. Kf2 Kg6 65. Re3 Rxe3 66. Kxe3 Kf5 67. g3 Ke5 68. Bg2 f5 69. Bf1 Bd5 70. Kf2 f4 71. Be2 Be6 72. h4 g4 73. Bd3 Bf5 74. Bc4 Bd7 75. Bd3 Bc6 76. Bc4 Be4 77. Bb5 Bf5 78. Bc4 Kd4 79. Bb5 Ke4 80. Bc6+ Ke5 81. Bb5 Be6 82. Ba6 Bd5 83. Bb5 Be4 84. Ba6 Bf5 85. Bb5 Bc8 86. Bc4 Kd4 87. Bb5 f3 88. Be8 Kd3 89. Bg6+ Kd4 90. Bf7 Kd3 91. Bg6+ Kd4 92. Bf7 1/2-1/2

[Event "Tashkent Sahibkiran Temur Cup"]
[Site "Tashkent"]
[Date "2024.06.01"]
[Round "6"]
[White "Kokarev, Dmitry"]
[Black "Moiseenko, Alexander"]
[Result "1/2-1/2"]
[WhiteElo "2553"]
[BlackElo "2560"]
[PlyCount "93"]
[EventDate "2024.05.29"]
[EventType "swiss"]
[EventRounds "9"]
[EventCountry "UZB"]
[SourceTitle "CBM 220 Extra"]
[Source "ChessBase"]
[SourceDate "2024.07.31"]
[SourceVersion "1"]
[SourceVersionDate "2024.07.31"]
[SourceQuality "1"]

1. e4 c5 2. Nf3 Nc6 3. d4 cxd4 4. Nxd4 Nf6 5. Nc3 e5 6. Ndb5 d6 7. Bg5 a6 8. Na3 b5 9. Nd5 Be7 10. Bxf6 Bxf6 11. c4 b4 12. Nc2 a5 13. g3 0-0 14. Bg2 g6 15. Nxf6+ Qxf6 16. 0-0 a4 17. Qd2 Be6 18. b3 axb3 19. axb3 Qe7 20. f4 Rxa1 21. Rxa1 f6 22. f5 Bf7 23. h4 Rb8 24. Kh2 Qd8 25. Ra6 Qc8 26. Ra4 Qd8 27. Ne3 Nd4 28. Qa2 Kg7 29. Nc2 Nxc2 30. Qxc2 Qb6 31. Qd2 Qd4 32. Qxd4 exd4 33. Kg1 gxf5 34. exf5 Bh5 35. Ra7+ Kh8 36. Rd7 Bd1 37. Rxd6 Bxb3 38. c5 Rc8 39. c6 Ba4 40. Rxd4 Bxc6 41. Rxb4 Bxg2 42. Kxg2 Rc5 43. g4 h5 44. Kg3 hxg4 45. Kxg4 Kg7 46. Rb6 Ra5 47. Rc6 1/2-1/2

[Event "Tashkent Sahibkiran Temur Cup"]
[Site "Tashkent"]
[Date "2024.05.31"]
[Round "4"]
[White "Sivuk, Vitaly"]
[Black "Moiseenko, Alexander"]
[Result "0-1"]
[WhiteElo "2541"]
[BlackElo "2560"]
[PlyCount "64"]
[EventDate "2024.05.29"]
[EventType "swiss"]
[EventRounds "9"]
[EventCountry "UZB"]
[SourceTitle "CBM 220 Extra"]
[Source "ChessBase"]
[SourceDate "2024.07.31"]
[SourceVersion "1"]
[SourceVersionDate "2024.07.31"]
[SourceQuality "1"]

1. e4 c5 2. Nf3 Nc6 3. Bb5 d6 4. 0-0 Bd7 5. Re1 Nf6 6. c3 a6 7. Bf1 e5 8. h3 g5 9. Nxg5 Rg8 10. d4 h6 11. Nf3 Bxh3 12. d5 Ne7 13. b4 cxb4 14. Qb3 Qd7 15. cxb4 Bxg2 16. Bxg2 Qg4 17. Ng5 hxg5 18. Nd2 Ng6 19. Qg3 Nf4 20. Qxg4 Nxg4 21. Bf1 Rh8 22. Nc4 Rc8 23. Bxf4 exf4 24. e5 Kd8 25. e6 b5 26. f3 Nh2 27. Nd2 Rc2 28. exf7 Rxd2 29. Re8+ Kd7 30. Be2 Rxe2 31. Rxe2 Nxf3+ 32. Kf2 g4 0-1

[Event "Tashkent Sahibkiran Temur Cup"]
[Site "Tashkent"]
[Date "2024.05.29"]
[Round "1"]
[White "Moiseenko, Alexander"]
[Black "Ubaydullaev, Mukhammadiso"]
[Result "1-0"]
[WhiteElo "2560"]
[BlackElo "1950"]
[PlyCount "61"]
[EventDate "2024.05.29"]
[EventType "swiss"]
[EventRounds "9"]
[EventCountry "UZB"]
[SourceTitle "CBM 220 Extra"]
[Source "ChessBase"]
[SourceDate "2024.07.31"]
[SourceVersion "1"]
[SourceVersionDate "2024.07.31"]
[SourceQuality "1"]

1. d4 Nf6 2. c4 g6 3. Nc3 Bg7 4. e4 d6 5. Bd3 0-0 6. Nge2 Nc6 7. 0-0 Nd7 8. Bc2 e5 9. d5 Nd4 10. Nxd4 exd4 11. Nb5 Qf6 12. Nxc7 Rb8 13. Nb5 a6 14. Na3 Nc5 15. b4 Nd7 16. Bb2 Ne5 17. Rb1 Qf4 18. Bxd4 Ng4 19. g3 Qh6 20. h4 g5 21. Bxg7 Kxg7 22. Qd2 gxh4 23. Qxh6+ Kxh6 24. c5 b5 25. f3 Ne3 26. Rfe1 Nxc2 27. Nxc2 f5 28. e5 dxe5 29. Rxe5 hxg3 30. f4 Kh5 31. Kg2 1-0

[Event "Chess.com Play In Match Div 2"]
[Site "Chess.com INT"]
[Date "2024.05.09"]
[Round "1.1"]
[White "Martinez Alcantara, Jose Eduardo"]
[Black "Moiseenko, Alexander"]
[Result "1-0"]
[WhiteElo "2612"]
[BlackElo "2561"]
[PlyCount "67"]
[EventDate "2024.05.09"]
[EventType "k.o. (rapid)"]
[EventRounds "2"]
[EventCountry "USA"]
[SourceTitle "CBM 220 Extra"]
[Source "ChessBase"]
[SourceDate "2024.07.31"]
[SourceVersion "1"]
[SourceVersionDate "2024.07.31"]
[SourceQuality "1"]

1. e4 c5 2. Nf3 e6 3. d4 cxd4 4. Nxd4 Nf6 5. Bd3 Nc6 6. Nf3 d5 7. e5 Nd7 8. Bf4 Be7 9. h4 f6 10. exf6 Bxf6 11. Nc3 e5 12. Ng5 Nc5 13. Qh5+ g6 14. Bxg6+ hxg6 15. Qxg6+ Kd7 16. Nxd5 exf4 17. 0-0-0 Ne5 18. Nxf6+ Kc6 19. Rxd8 Nxg6 20. Rxh8 Nxh8 21. Re1 Bd7 22. b4 Na4 23. Re4 b5 24. Rxf4 Ng6 25. Rd4 Nb6 26. h5 Ne7 27. Nf7 Kc7 28. Ne5 Be6 29. g4 Ned5 30. Nxd5+ Bxd5 31. h6 a5 32. bxa5 Rxa5 33. h7 Ra8 34. Ng6 1-0

[Event "Chess.com Classic Play In"]
[Site "Chess.com INT"]
[Date "2024.05.08"]
[Round "8"]
[White "Moiseenko, Alexander"]
[Black "Bluebaum, Matthias"]
[Result "0-1"]
[WhiteElo "2561"]
[BlackElo "2647"]
[PlyCount "88"]
[EventDate "2024.05.08"]
[EventType "swiss (rapid)"]
[EventRounds "9"]
[EventCountry "USA"]
[SourceTitle "CBM 220 Extra"]
[Source "ChessBase"]
[SourceDate "2024.07.31"]
[SourceVersion "1"]
[SourceVersionDate "2024.07.31"]
[SourceQuality "1"]

1. d4 d5 2. c4 e6 3. Nc3 Bb4 4. Nf3 Nf6 5. Bg5 h6 6. Bxf6 Qxf6 7. e3 c5 8. cxd5 exd5 9. Bb5+ Bd7 10. 0-0 Bxc3 11. Bxd7+ Nxd7 12. bxc3 0-0 13. Qb3 Qc6 14. c4 dxc4 15. Qxc4 b5 16. Qc3 c4 17. a4 a6 18. h3 Nb6 19. axb5 axb5 20. Ne5 Qd6 21. Rab1 Nd5 22. Qc2 Rfb8 23. Rfc1 c3 24. e4 Nf4 25. Rd1 b4 26. h4 Qe6 27. Rb3 Ne2+ 28. Kf1 Nxd4 29. Rxd4 Qxe5 30. Rdxb4 Rxb4 31. Rxb4 Qc5 32. Rb1 Rd8 33. e5 Qxe5 34. Re1 Qh2 35. Qxc3 Qh1+ 36. Ke2 Qxg2 37. Qe5 Qh3 38. Qe4 Rd6 39. Rh1 Qd7 40. Kf3 Re6 41. Qb4 Qd5+ 42. Kg3 Qxh1 43. Qb8+ Kh7 44. Qb1+ Qxb1 0-1